| 000 | 00528cam a22001571 4500 | ||
|---|---|---|---|
| 082 |
_a307.76254 _bDUB _cL-27,P-50. |
||
| 100 | 1 |
_aDube, S. C. _937669 |
|
| 245 | 1 | 0 |
_aIndian village. _cForeword by Morris Edward Opler. |
| 260 |
_aLondon, _bRoutledge & K. Paul _c[1955] |
||
| 300 |
_axiv, 248 p. _bplates. _c23 cm. |
||
| 490 | 1 | _aInternational Library of Sociology and Social Reconstruction | |
| 526 |
_a0 _b0 _c0 _d307_762540000000000_DUB |
||
| 650 | 0 |
_aMCE _9379 |
|
| 650 | 0 |
_aVillages _zIndia _xCase studies. _937670 |
|
| 942 |
_2ddc _cBK |
||
| 999 |
_c542486 _d542486 |
||